La creación de lo sagrado: la huella de la biología en las religiones antiguas
Saved in:
| Hovedforfatter: | |
|---|---|
| Format: | Bog |
| Sprog: | spansk |
| Udgivet: |
Barcelona
Acantilado
2009
|
| Udgivelse: | 1a. ed |
| Serier: | El Acantilado, 184
|
| Fag: | |
| Tags: |
Tilføj Tag
Ingen Tags, Vær først til at tagge denne postø!
|
MARC
| LEADER | 00000cam a2200000 a 4500 | ||
|---|---|---|---|
| 001 | UCD1706 | ||
| 003 | CL-VaPUC | ||
| 008 | 160324e20090000sp |||||||||||||||||spa|d | ||
| 020 | |a 9788496834699 | ||
| 082 | 0 | 4 | |a 200.9 |b BUR |2 21 |
| 100 | 0 | |a Burkert, Walter |e author |9 584859 | |
| 245 | 1 | 3 | |a La creación de lo sagrado: la huella de la biología en las religiones antiguas |
| 250 | |a 1a. ed | ||
| 300 | |a 339 p | ||
| 942 | |c BK | ||
| 945 | |d 20160324 12:59:00 |a arojas | ||
| 260 | |a Barcelona |b Acantilado |c 2009 | ||
| 650 | 7 | |a SOCIOBIOLOGIA |2 CL-VaPUC |9 357345 | |
| 650 | 0 | |a Antropología física |9 308323 | |
| 650 | 0 | |a Religión |9 255164 | |
| 583 | |a last modification |c 20160324 12:59:00 |k Rodrigo Vera | ||
| 490 | 0 | |a El Acantilado, 184 | |
| 999 | |c 362977 |d 362975 | ||
| 952 | |0 0 |1 0 |3 erb |4 0 |6 200_900000000000000_BUR_2009 |7 0 |8 A |9 474632 |a BIBEDU |b BIBEDU |i 5267714 |o 200.9 BUR 2009 |p 5267714 |r 2019-11-24 |w 2019-11-24 |y BK |z Catalogado en:20160324 |k FIL | ||